[Event "FB21 2122 SV Merseburg - SC Rotation Pa"]
[Site "?"]
[Date "2022.04.10"]
[Round "7.1"]
[White "Burchardt, Brigitte"]
[Black "Pflug, Tanja"]
[Result "1/2-1/2"]
[WhiteElo "2079"]
[BlackElo "1990"]
[PlyCount "58"]
[EventDate "2022.??.??"]

1. e4 e6 2. d4 d5 3. Nd2 Be7 4. Bd3 Nf6 5. Ne2 c5 6. e5 Nfd7 7. c3 Nc6 8. O-O
Qb6 9. Nf3 cxd4 10. cxd4 O-O 11. Nf4 Re8 12. Bb1 Nf8 13. b3 Bd7 14. Re1 Rac8
15. Bb2 Qc7 16. Nd3 Ng6 17. a3 Na5 18. Re3 Qb6 19. Nd2 Bg5 20. f4 Nxf4 21. Nxf4
Bxf4 22. Rf3 Bh6 23. Rh3 Ba4 24. Bc2 Nc4 25. Nxc4 dxc4 26. bxa4 Qxb2 27. Rb1
Qa2 28. Ra1 Qb2 29. Rb1 Qa2 1/2-1/2

[Event "FB21 2122 SV Merseburg - SC Rotation Pa"]
[Site "?"]
[Date "2022.04.10"]
[Round "7.2"]
[White "Hartung, Katja"]
[Black "Wagner-Michel, Annett"]
[Result "1/2-1/2"]
[WhiteElo "1924"]
[BlackElo "2104"]
[PlyCount "83"]
[EventDate "2022.??.??"]

1. e4 c5 2. d4 cxd4 3. c3 d5 4. Qxd4 dxe4 5. Qxe4 Nc6 6. Bb5 Bd7 7. Nf3 Nf6 8.
Qe2 e6 9. Bf4 Be7 10. Nbd2 O-O 11. O-O a6 12. Bd3 Nh5 13. Be3 h6 14. Nc4 b5 15.
Nb6 Rb8 16. Nxd7 Qxd7 17. Rfd1 Qc7 18. g3 e5 19. Be4 Nd8 20. Nxe5 Nf6 21. Bf4
Ne6 22. Ng6 Nxf4 23. Nxf4 Rfe8 24. Nd5 Nxd5 25. Bxd5 Bf6 26. Qf3 Re7 27. Rd2
Rbe8 28. Rad1 Re1+ 29. Rxe1 Rxe1+ 30. Kg2 Re8 31. Re2 Rxe2 32. Qxe2 Qd8 33. Be4
g6 34. h4 Kg7 35. h5 Qe7 36. Qg4 Bg5 37. hxg6 fxg6 38. Bd3 h5 39. Qd4+ Bf6 40.
Qb6 Qd7 41. Be4 h4 42. Qb7 1/2-1/2

[Event "FB21 2122 SV Merseburg - SC Rotation Pa"]
[Site "?"]
[Date "2022.04.10"]
[Round "7.3"]
[White "Jahn, Constanze"]
[Black "Moritz, Cornelia"]
[Result "1-0"]
[WhiteElo "2031"]
[BlackElo "1801"]
[PlyCount "41"]
[EventDate "2022.??.??"]

1. e4 c5 2. Nf3 Nc6 3. b3 d6 4. h3 e5 5. Bc4 h6 6. O-O a6 7. c3 Nf6 8. Re1 b5
9. Bd5 Qc7 10. d4 Bb7 11. a4 Be7 12. dxc5 dxc5 13. axb5 axb5 14. Rxa8+ Bxa8 15.
Na3 b4 16. cxb4 Nxd5 17. exd5 Nxb4 18. Nb5 Qb8 19. d6 Bxf3 20. Qxf3 Bxd6 21.
Nxd6+ 1-0

[Event "FB21 2122 SV Merseburg - SC Rotation Pa"]
[Site "?"]
[Date "2022.04.10"]
[Round "7.4"]
[White "Kuemmel, Tina"]
[Black "Wolf, Sylvia"]
[Result "0-1"]
[WhiteElo "1504"]
[BlackElo "2036"]
[PlyCount "82"]
[EventDate "2022.??.??"]

1. e4 c5 2. Nc3 d6 3. f4 Nc6 4. Nf3 Bg4 5. Bc4 e6 6. O-O a6 7. a4 Nf6 8. Be2 d5
9. e5 Nd7 10. d3 Be7 11. Qe1 Bxf3 12. Bxf3 Bh4 13. g3 Be7 14. Bd2 O-O 15. Kh1
Nd4 16. Bd1 Qc7 17. Ne2 Nc6 18. Ng1 Rab8 19. g4 b5 20. axb5 axb5 21. h4 c4 22.
h5 Nc5 23. Qg3 Ra8 24. Rxa8 Rxa8 25. g5 Nd4 26. g6 Nf5 27. Qh3 hxg6 28. hxg6
fxg6 29. Qg4 Kf7 30. dxc4 Rh8+ 31. Kg2 Ne4 32. Bc1 Qxc4 33. b3 Qc8 34. Ne2 Rh4
35. Qf3 Qh8 36. Rg1 Rh2+ 37. Kf1 Rf2+ 38. Qxf2 Nxf2 39. Kxf2 Qh2+ 40. Rg2 Bh4+
41. Kf1 Qh1+ 0-1

[Event "FB21 2122 SV Merseburg - SC Rotation Pa"]
[Site "?"]
[Date "2022.04.10"]
[Round "7.5"]
[White "Mai, Iris"]
[Black "Domaske, Susann"]
[Result "1-0"]
[WhiteElo "2007"]
[BlackElo "1799"]
[PlyCount "61"]
[EventDate "2022.??.??"]

1. d4 d5 2. c4 e6 3. Nf3 Nf6 4. Nc3 Be7 5. Bf4 O-O 6. e3 a6 7. Rc1 dxc4 8. Bxc4
Nbd7 9. O-O c5 10. dxc5 Nxc5 11. Qxd8 Rxd8 12. Bc7 Rf8 13. a4 Bd7 14. b3 Rac8
15. Ba5 Nce4 16. Nxe4 Nxe4 17. Ne5 Be8 18. Be2 Rxc1 19. Rxc1 f6 20. Nd3 Bd6 21.
f3 Ng5 22. h4 Nf7 23. Nc5 Bxc5 24. Rxc5 Ne5 25. Bc7 Nd7 26. Rc3 Bg6 27. Bd6 Rd8
28. Rc7 Nb6 29. Bc5 Rd2 30. Bc4 Nxc4 31. Rc8+ 1-0

[Event "FB21 2122 SC Rochade Zeulenroda - SG Le"]
[Site "?"]
[Date "2022.04.10"]
[Round "7.1"]
[White "Beltz, Franziska"]
[Black "Wagner, Victoria"]
[Result "1/2-1/2"]
[WhiteElo "2067"]
[BlackElo "1841"]
[PlyCount "57"]
[EventDate "2022.??.??"]

1. e4 c5 2. Nf3 d6 3. d4 cxd4 4. Nxd4 Nf6 5. Nc3 a6 6. Bg5 Nbd7 7. Qe2 h6 8.
Bh4 g6 9. O-O-O e5 10. Nb3 Qc7 11. f3 Be7 12. Kb1 b5 13. Bxf6 Nxf6 14. Nd5 Nxd5
15. exd5 Bd7 16. c4 bxc4 17. Qxc4 Qxc4 18. Bxc4 a5 19. Nd2 O-O 20. Bd3 Rfb8 21.
Ne4 Rb7 22. Nc3 Rab8 23. Rd2 Bg5 24. Re2 Rc7 25. Ka1 Kf8 26. Rhe1 Rc5 27. Rc2
Rbc8 28. Ree2 Kg7 29. a3 1/2-1/2

[Event "FB21 2122 SC Rochade Zeulenroda - SG Le"]
[Site "?"]
[Date "2022.04.10"]
[Round "7.2"]
[White "Wagner, Margarethe"]
[Black "Gempe, Anet"]
[Result "1/2-1/2"]
[WhiteElo "1895"]
[BlackElo "1979"]
[PlyCount "53"]
[EventDate "2022.??.??"]

1. e4 e6 2. d4 d5 3. e5 c5 4. c3 Nc6 5. Nf3 Qb6 6. a3 Bd7 7. b4 cxd4 8. cxd4
Rc8 9. Bb2 Na5 10. Nbd2 Nc4 11. Nxc4 dxc4 12. Rc1 a5 13. Bxc4 axb4 14. Qb3 Qa5
15. O-O bxa3 16. Bc3 Qa4 17. Qxa4 Bxa4 18. Bd2 Ne7 19. Bb4 Nc6 20. Bxf8 Rxf8
21. d5 exd5 22. Bxd5 Ke7 23. Ra1 Rfd8 24. Be4 Nd4 25. Rxa3 Nxf3+ 26. Bxf3 Bc6
27. Bxc6 1/2-1/2

[Event "FB21 2122 SC Rochade Zeulenroda - SG Le"]
[Site "?"]
[Date "2022.04.10"]
[Round "7.4"]
[White "Dietrich, Mareike"]
[Black "Oswald, Lena"]
[Result "0-1"]
[WhiteElo "1797"]
[BlackElo "1786"]
[PlyCount "82"]
[EventDate "2022.??.??"]

1. e4 c5 2. Nf3 Nc6 3. d4 cxd4 4. Nxd4 Nf6 5. Nc3 d6 6. Bg5 g6 7. Bxf6 exf6 8.
Qd2 Bg7 9. Ndb5 O-O 10. Nxd6 f5 11. O-O-O fxe4 12. Ncxe4 Be6 13. Qe3 Qa5 14. a3
b5 15. Nc5 Bc4 16. Nd7 Bxf1 17. Rhxf1 b4 18. Nxf8 Bxb2+ 19. Kb1 bxa3 20. Nd7
Bc3 21. Ka2 Qa4 22. Qxc3 Nb4+ 23. Kb1 Qxd7 24. Qxb4 Qc7 25. Qb7 Rb8 26. Qb3
Rxb3+ 27. cxb3 Qc3 28. Nc4 Qxb3+ 29. Ka1 Qxc4 30. Rb1 Qe2 31. Rfc1 Qxf2 32. Rb3
Qxg2 33. Rxa3 Qxh2 34. Rxa7 Qe5+ 35. Ka2 Qd5+ 36. Kb1 Qd3+ 37. Ka2 Qe2+ 38. Kb1
Qe4+ 39. Ka2 Qd5+ 40. Kb1 Qf5+ 41. Ka2 Qf2+ 0-1

[Event "FB21 2122 SC Rochade Zeulenroda - SG Le"]
[Site "?"]
[Date "2022.04.10"]
[Round "7.5"]
[White "Oswald, Hannah"]
[Black "Riemer-Nlula, Marion"]
[Result "0-1"]
[WhiteElo "1742"]
[BlackElo "1812"]
[PlyCount "76"]
[EventDate "2022.??.??"]

1. e4 d5 2. exd5 Nf6 3. Nc3 Nxd5 4. Bc4 Nb6 5. Bb3 Nc6 6. Qf3 e6 7. d3 Bd6 8.
Nge2 Bd7 9. Bf4 Qe7 10. Nb5 O-O-O 11. Nxd6+ cxd6 12. O-O-O Na5 13. d4 Bc6 14.
Qc3 Nxb3+ 15. Qxb3 g5 16. Bd2 h6 17. f3 Bd5 18. Qc3+ Kb8 19. a3 Rc8 20. Qd3 Bc4
21. Qe3 Qc7 22. Nc3 Ba6 23. Kb1 Nc4 24. Qf2 Qb6 25. Bc1 Nxa3+ 26. Ka2 Nb5 27.
Nxb5 Bxb5 28. b3 Qa5+ 29. Kb1 Rc6 30. Bd2 Qc7 31. Bb4 Rc8 32. Rd2 a5 33. Ba3 a4
34. Kb2 axb3 35. cxb3 Qa5 36. Ra1 Qc3+ 37. Ka2 Ra6 38. Rb2 Rxa3+ 0-1

[Event "FB21 2122 SC Bavaria Regensburg 1881 - "]
[Site "?"]
[Date "2022.04.10"]
[Round "7.1"]
[White "Spangenberg, Pia"]
[Black "Arnhold, Steffi"]
[Result "0-1"]
[WhiteElo "1817"]
[BlackElo "2124"]
[PlyCount "52"]
[EventDate "2022.??.??"]

1. e4 c5 2. Nf3 e6 3. d4 cxd4 4. Nxd4 a6 5. c4 Qc7 6. a3 Nf6 7. Nc3 d6 8. Be3
Nbd7 9. Rc1 b6 10. Be2 Bb7 11. f3 Be7 12. O-O O-O 13. b4 Rac8 14. Qd2 Rfe8 15.
Rfd1 Qb8 16. a4 d5 17. cxd5 exd5 18. Nxd5 Bxd5 19. exd5 Bxb4 20. Qxb4 Nxd5 21.
Qb3 Nxe3 22. Bxa6 Nc5 23. Rxc5 Rxc5 24. Bb5 Nxd1 25. Bxe8 Qxe8 26. Qxd1 Qe3+
0-1

[Event "FB21 2122 SC Bavaria Regensburg 1881 - "]
[Site "?"]
[Date "2022.04.10"]
[Round "7.2"]
[White "Palkova, Katerina"]
[Black "Weimert, Miriam"]
[Result "1-0"]
[WhiteElo "2000"]
[BlackElo "1930"]
[PlyCount "95"]
[EventDate "2022.??.??"]

1. e4 c6 2. d4 g6 3. f4 d5 4. e5 h5 5. Nf3 Nh6 6. Bd3 Bf5 7. Bxf5 Nxf5 8. e6 f6
9. O-O Qd6 10. Re1 Bh6 11. g3 Na6 12. b3 Nc7 13. Ba3 Qd8 14. Qd3 Qc8 15. c4
Nxe6 16. Nc3 Qd7 17. cxd5 cxd5 18. Re2 Bf8 19. Rae1 Nc7 20. Nh4 Nxh4 21. Bxe7
Nf5 22. Bxf6+ Kf7 23. Bxh8 Bh6 24. Be5 Ne6 25. Qb5 Qc6 26. Qxd5 Qxd5 27. Nxd5
Rd8 28. Nc3 Nexd4 29. Bxd4 Nxd4 30. Re7+ Kf8 31. Kg2 Nc2 32. R1e2 Nd4 33. R2e4
Nf5 34. Rxb7 Nd6 35. Rxa7 Nxe4 36. Nxe4 Rd4 37. Kf3 Rd5 38. Ke3 Bg7 39. Rb7
Bd4+ 40. Ke2 Bg1 41. h3 h4 42. gxh4 Rh5 43. Kf3 Rxh4 44. Kg3 Rh5 45. Ng5 Be3
46. a4 Bd2 47. b4 Be1+ 48. Kf3 1-0

[Event "FB21 2122 SC Bavaria Regensburg 1881 - "]
[Site "?"]
[Date "2022.04.10"]
[Round "7.3"]
[White "Spangenberg, Romy"]
[Black "Bardorz, Jana"]
[Result "0-1"]
[WhiteElo "1857"]
[BlackElo "1913"]
[PlyCount "36"]
[EventDate "2022.??.??"]

1. e4 e5 2. Nf3 Nc6 3. d4 exd4 4. Nxd4 Bc5 5. Be3 Qf6 6. c3 Nge7 7. g3 h5 8. h4
d5 9. Bg2 Bg4 10. Qd2 O-O-O 11. Nxc6 Qxc6 12. Bxc5 Qxc5 13. exd5 Nf5 14. Qf4
Rhe8+ 15. Kf1 Qb5+ 16. Kg1 Re1+ 17. Kh2 Rxh1+ 18. Bxh1 Qxb2 0-1

[Event "FB21 2122 SC Bavaria Regensburg 1881 - "]
[Site "?"]
[Date "2022.04.10"]
[Round "7.4"]
[White "Leuchsenring, Christina"]
[Black "Herbrig, Marie-Helen"]
[Result "0-1"]
[WhiteElo "1899"]
[BlackElo "1885"]
[PlyCount "63"]
[EventDate "2022.??.??"]

1. e4 c5 2. c3 d5 3. exd5 Qxd5 4. d4 Nc6 5. Nf3 Nf6 6. Be3 cxd4 7. cxd4 e6 8.
Nc3 Qd6 9. Bc4 Nb4 10. O-O a6 11. Rc1 b6 12. Qb3 Bb7 13. Ne5 Be7 14. Rfd1 Nbd5
15. Qa4+ Kf8 16. Bxd5 Nxd5 17. Nd7+ Kg8 18. Ne4 Qb4 19. Qc2 f6 20. Qe2 Qa4 21.
Ndxf6+ Bxf6 22. Qg4 Qd7 23. Bf4 Rf8 24. Rc2 h5 25. Qg3 h4 26. Qg4 Nxf4 27. Qxf4
Qd5 28. Nxf6+ Rxf6 29. Qg4 Rh5 30. f3 Rg5 31. Qe4 Qxe4 32. fxe4 0-1

[Event "FB21 2122 SC Bavaria Regensburg 1881 - "]
[Site "?"]
[Date "2022.04.10"]
[Round "7.5"]
[White "Lowke, Kathrin"]
[Black "Pavlov, Liliane"]
[Result "1/2-1/2"]
[WhiteElo "1854"]
[BlackElo "1733"]
[PlyCount "80"]
[EventDate "2022.??.??"]

1. e4 c5 2. Nf3 d6 3. d4 cxd4 4. Nxd4 Nf6 5. f3 a6 6. c4 e5 7. Nc2 Be6 8. Nc3
Nbd7 9. Be3 Rc8 10. Nd5 Bxd5 11. cxd5 Nc5 12. Be2 Be7 13. O-O O-O 14. Qd2 Nfd7
15. Rac1 f5 16. b4 Na4 17. Na3 b5 18. Rxc8 Qxc8 19. Rc1 Qb7 20. Qc2 Nf6 21. Bd3
fxe4 22. Bxe4 Nb6 23. Qb3 Rc8 24. Rc6 Na8 25. Nc2 Kf8 26. Rxc8+ Qxc8 27. Qd3
Kg8 28. Bd2 Nb6 29. Ne3 Nxe4 30. fxe4 g6 31. h3 Bg5 32. Ng4 Bxd2 33. Qxd2 Nc4
34. Qg5 Qf8 35. Nf2 Qf4 36. Qd8+ Kg7 37. Qe7+ Qf7 38. Qg5 h6 39. Qg4 Qf4 40.
Qd7+ Qf7 1/2-1/2

[Event "FB21 2122 SC Bavaria Regensburg 1881 - "]
[Site "?"]
[Date "2022.04.10"]
[Round "7.6"]
[White "Oberhofer, Marie"]
[Black "Kalkhof, Sandra"]
[Result "1/2-1/2"]
[WhiteElo "1746"]
[BlackElo "1868"]
[PlyCount "81"]
[EventDate "2022.??.??"]

1. e4 e5 2. Nf3 Nf6 3. d4 Nxe4 4. Bd3 d5 5. Nxe5 Be7 6. O-O O-O 7. c4 Nf6 8.
Nc3 c6 9. Bg5 Be6 10. c5 h6 11. Bd2 Nbd7 12. f4 Nxe5 13. fxe5 Nd7 14. Bf5 Bg5
15. Rf3 Bxd2 16. Qxd2 Bxf5 17. Rxf5 Qe7 18. Raf1 Rae8 19. Qf2 f6 20. exf6 Rxf6
21. Rxf6 Nxf6 22. Qf4 Qe3+ 23. Qxe3 Rxe3 24. Rf3 Rxf3 25. gxf3 Kf7 26. Kf2 Nh5
27. Ke3 g5 28. Ne2 Kf6 29. Nc1 Ng7 30. Ne2 h5 31. h3 Nf5+ 32. Kf2 Ng7 33. Kg3
Kf5 34. Kf2 Ne6 35. Kg3 Nc7 36. Kf2 Na6 37. a3 Nc7 38. Ke3 Ne6 39. Ng3+ Kg6 40.
Ne2 Ng7 41. b4 1/2-1/2